| 000 | 01042nam a22002777a 4500 | ||
|---|---|---|---|
| 005 | 20170511100926.0 | ||
| 010 | _a1617EN ENG-116896 | ||
| 020 |
_a9788126562251 _c899.00 |
||
| 035 | _a1617EN | ||
| 035 | _aB-653751-764 | ||
| 035 | _aEN-100428 | ||
| 035 | _aB-665153 | ||
| 037 | _bABC | ||
| 037 | _bDBAD/PUB | ||
| 082 | _a910.02 | ||
| 100 | _aStrahler, Alan | ||
| 245 |
_aIntroducing physical geography / _cby Alan Strahler |
||
| 250 | _a6th ed | ||
| 260 |
_c2016 _aNew Delhi _bJohn Wiley |
||
| 270 |
_a4435-36/7, Ansari Road,Daryaganj _bNew Delhi _e110002 |
||
| 300 |
_c25cm(pbk) _axviii,641p _bill.(maps) |
||
| 500 | _aincludes index | ||
| 942 |
_cEN _2ddc _h910.02 _mSTR |
||
| 999 |
_c101861 _d101861 |
||